000 00534nam a2200133 a 4500
001 000013446
005 20200929163231.0
008 091124s1953 dr r 000 0 spa d
040 _aDO-SdBNP
_bspa
_cBNPHU
082 _axxxx
_bD611p
245 0 0 _aDiscurso pronunciado por el Lic. Hipolito Herrera Billini presidente de la Suprema Corte de Justicia el 9 de enero de 1953, día del Poder Judicial, al reanudar la labores juiciales /.
260 _aCiudad Trujillo, República Dominicana :
_bDel Caribe,
_c1953.
300 _a21 p. ;
_c23 cm.
999 _c13072
_d13072